Science Quiz

Random Science Quiz
Score 0/13 Timer 02:00
0 Plays Today
% Correct
PRECIPITATION
93.4%
EVAPORATION
93.4%
GROUNDWATER
90.2%
TRANSPIRATION
88.5%
INTERCEPTION
86.9%
RIVER
85.2%
INFILTRATION
83.6%
PERCOLATION
82%
SURFACE RUNOFF
78.7%
GROUNDWATER FLOW
77%
THROUGH FLOW
72.1%
SOIL MOISTURE
68.9%
SURFACE STORAGE
62.3%
Remove Ads.
Support Sporcle.
Get the best of Sporcle when you Go Orange. This ad-free experience offers more features, more stats, and more fun while also helping to support Sporcle. Thank you for becoming a member.

You're not logged in!

Compare scores with friends on all Sporcle quizzes.
OR
Log In

Sporcle TV

Today on Sporcle TV


Watch our educational content, quiz creation guides, and fun videos on Sporcle TV.

Show Comments

Extras

Created May 17, 2020ReportNominate
Tags:basin, Cycle

Top Quizzes Today


Score Distribution

Paid Content

Your Account Isn't Verified!

In order to create a playlist on Sporcle, you need to verify the email address you used during registration. Go to your Sporcle Settings to finish the process.

Report this User

Report this user for behavior that violates our Community Guidelines.

Details: